Kluby 4 ligi polskiej - Statystyki

Ogólne statystyki
  • Ten quiz został rozwiązany 16 razy
  • Średni wynik to 8 z 286
Statystyki odpowiedzi
Województwo Klub % Poprawnych
Mazowiecka Błonianka Błonie
18%
Warmińsko-Mazurska Jeziorak Iława
18%
Mazowiecka Józefovia Józefów
18%
Mazowiecka KS CK Troszyn
18%
Mazowiecka Legionovia Legionowo
18%
Mazowiecka Makowianka Maków
18%
Mazowiecka Mazovia Mińsk Mazowiecki
18%
Warmińsko-Mazurska Mazur Ełk
18%
Mazowiecka MKS Przasnysz
18%
Wielkopolska Nielba Wągrowiec
18%
Mazowiecka Pilica Białobrzegi
18%
Mazowiecka Ząbkovia Ząbki
18%
Lubelska Avia II Świdnik
9%
Pomorska Bałtyk Gdynia
9%
Małopolska Beskid Andrychów
9%
Małopolska BKS Bochnia
9%
Małopolska Bruk-Bet II Termalica Nieciecza
9%
Zachodniopomorska Chemik Police
9%
Warmińsko-Mazurska Concordia Elbląg
9%
Małopolska Dalin Myślenice
9%
Warmińsko-Mazurska DKS Dobre Miasto
9%
Zachodniopomorska Gavia Choszczno
9%
Małopolska Glinik Gorlice
9%
Lubelska Górnik II Łęczna
9%
Warmińsko-Mazurska Granica Kętrzyn
9%
Pomorska Gryf Wejherowo
9%
Zachodniopomorska Gwardia Koszalin
9%
Lubelska Hetman Zamość
9%
Wielkopolska Huragan Pobiedziska
9%
Mazowiecka Hutnik Warszawa
9%
Wielkopolska Jarota Jarocin
9%
Pomorska KP Starogard
9%
Mazowiecka KTS Weszlo
9%
Lubelska Łada Biłgoraj
9%
Kujawsko-Pomorska Lech Rypin
9%
Małopolska LKS Jawiszowice
9%
Małopolska Lubań Maniowy
9%
Lubelska Lublinianka Lublin
9%
Warmińsko-Mazurska Mamry Giżycko
9%
Mazowiecka MKS Piaseczno
9%
Małopolska MKS Trzebinia
9%
Lubelska Motor II Lublin
9%
Warmińsko-Mazurska Mrągowia Mrągowo
9%
Mazowiecka Mszczonowianka Mszczonów
9%
Kujawsko-Pomorska Mustang Ostaszewo
9%
Świętokrzyska Neptun Końskie
9%
Wielkopolska Obra Kościan
9%
Warmińsko-Mazurska Olimpia II Elbląg
9%
Warmińsko-Mazurska Olimpia Olsztynek
9%
Małopolska Orzeł Ryczów
9%
Mazowiecka Oskar Przysucha
9%
Małopolska Pcimianka Pcim
9%
Warmińsko-Mazurska Pisa Barczewo
9%
Małopolska Podhalanin Biecz
9%
Pomorska Pogoń Lębork
9%
Opolska Polonia Nysa
9%
Małopolska Poprad Muszyna
9%
Warmińsko-Mazurska Rominta Gołdap
9%
Śląska ROW Rybnik
9%
Warmińsko-Mazurska Sokół Ostróda
9%
Małopolska Sokół Słopnice
9%
Lubelska Stal Kraśnik
9%
Warmińsko-Mazurska Start Nidzica
9%
Warmińsko-Mazurska Stomil II Olsztyn
9%
Mazowiecka Talent Warszawa
9%
Warmińsko-Mazurska Tęcza Biskupiec
9%
Mazowiecka Tygrys Huta Mińska
9%
Mazowiecka Ursus Warszawa
9%
Małopolska Watra Białka Tatrzańska
9%
Wielkopolska Wiara Lecha
9%
Małopolska Wieczysta II Kraków
9%
Pomorska Wikęd Luzino
9%
Mazowiecka Wilga Garwolin
9%
Warmińsko-Mazurska Znicz Biała Piska
9%
Świętokrzyska AKS Busko-Zdrój
0%
Świętokrzyska Alit Ożarów
0%
Pomorska Anioły Gargaczewo
0%
Świętokrzyska Arka Pawłów
0%
Zachodniopomorska Bałtyk Koszalin
0%
Dolnośląska Barycz Sułów
0%
Zachodniopomorska Biali Sądów
0%
Dolnośląska Bielawianka Bielawa
0%
Zachodniopomorska Błekitni II Stargard
0%
Pomorska Bytovia Bytów
0%
Łódzka Ceramika Opoczno
0%
Kujawsko-Pomorska Chemik Bydgoszcz
0%
Pomorska Chojniczanka II Chojnice
0%
Dolnośląska Chrobry II Głogów
0%
Podkarpacka Cosmos Nowotaniec
0%
Małopolska Cracovia II Kraków
0%
Kujawsko-Pomorska Cuiavia Inowrocłąw
0%
Podlaska Czarni Czarna Białostocka
0%
Podkarpacka Czarni Jasło
0%
Pomorska Czarni Pruszcz Gdański
0%
Lubuska Czarni Witnica
0%
Lubuska Czarni Żagan
0%
Zachodniopomorska Dąb Dębno
0%
Lubuska Dąb Przybyszów
0%
Zachodniopomorska Darłovia Darłowo
0%
Śląska Decor Bełk
0%
Lubuska Dozamet Nowa Sól
0%
Śląska Drama Zbrosławice
0%
Opolska Fortuna Głogówek
0%
Dolnośląska Foto-Higiena Błyskawica Gać
0%
Śląska GKS II Tychy*
0%
Świętokrzyska GKS Nowiny
0%
Świętokrzyska GKS Rudki
0%
Podkarpacka Głogovia Głogów
0%
Dolnośląska Górnik Złotoryja
0%
Świętokrzyska Granat Skarżysko-Kamienna
0%
Lubelska Granit Bychawa
0%
Pomorska Grom Nowy Staw
0%
Lubelska Gryf Gmina Zamość
0%
Śląska Gwarek Ornotowice
0%
Śląska Gwarek Tarnowskie Góry
0%
Podlaska Hetman Tykocin
0%
Świętokrzyska Hetman Włoszczowa
0%
Lubelska Huragan Międzyrzecz
0%
Podkarpacka Igloopol Dębica
0%
Lubuska Ilanka Rzepin
0%
Zachodniopomorska Ina Goleniów
0%
Opolska iPrime Bogacica
0%
Zachodniopomorska Iskierka Szczecinek
0%
Dolnośląska Iskra Księginice
0%
Podkarpacka Izolator Boguchwała
0%
Pomorska Jaguar Gdańsk
0%
Lubelska Janowianka Janów
0%
Podkarpacka JKS Jarosław
0%
Małopolska Kalwarianka Kalwaria
0%
Podkarpacka Karpaty Krosno
0%
Świętokrzyska Klimontowianka Klimontów
0%
Lubelska Kłos Gmina Chełm
0%
Zachodniopomorska Kluczevia Stargard
0%
Pomorska Kolejarz Chojnice
0%
Wielkopolska Korona Piaski
0%
Zachodniopomorska Kotwica II Kołobrzeg
0%
Podlaska Krypnianka Krypno
0%
Łódzka KS Kutno
0%
Podlaska KS Michałowo
0%
Podlaska KS Śniadowo
0%
Podlaska KS Wasilków
0%
Kujawsko-Pomorska Kujawiak Kowal
0%
Śląska Kuźnia Ustroń
0%
Dolnośląska Lechia Dzierżonów
0%
Lubuska Lechia II Zielona Góra
0%
Podkarpacka Legion Pilzno
0%
Zachodniopomorska Leśnik Manowo
0%
Małopolska Limanovia Limanowa
0%
Wielkopolska Lipno Stęszew
0%
Wielkopolska LKS Centra Ostrów Wielkopolski
0%
Wielkopolska LKS Gołuchów
0%
Łódzka ŁKS III Łódź
0%
Świętokrzyska ŁKS Łagów
0%
Wielkopolska LKS Ślesin
0%
Kujawsko-Pomorska Łokietek Brześć Kujawski
0%
Lubuska Lubuszanin Drezdenko
0%
Świętokrzyska Łysica Bodzentyn
0%
Opolska LZS Piotrówka*
0%
Opolska LZS Starościn
0%
Opolska LZS Starowice
0%
Opolska LZS Walce
0%
Opolska Małapanew Ozimek
0%
Zachodniopomorska Mechanik Bobolice
0%
Wielkopolska Mieszko Gniezno
0%
Zachodniopomorska MKP Szczecinek
0%
Świętokrzyska Moravia Morawica
0%
Podlaska MOSP Białystok
0%
Dolnośląska Moto Jelcz Oława
0%
Świętokrzyska Naprzód Jędzrzejów
0%
Łódzka Ner Poddębice
0%
Kujawsko-Pomorska Noteć Łabiszyn
0%
Opolska Odra II Opole
0%
Lubuska Odra Nietków
0%
Śląska Odra Wodzisław
0%
Zachodniopomorska Olimp Gościno
0%
Podlaska Olimpia Zambrów
0%
Łódzka Omega Kleszczów
0%
Lubelska Opolanin Opole Lubelskie
0%
Łódzka Orkan Buczek
0%
Kujawsko-Pomorska Orlęta Aleksandrów Kujawski
0%
Podlaska Orlęta Czyżew
0%
Świętokrzyska Orlęta Kielce
0%
Lubelska Orlęta Radzyń Podlaski
0%
Podlaska Orzeł Kolno
0%
Dolnośląska Orzeł Mysłakowice
0%
Łódzka Orzeł Nieborów
0%
Podkarpacka Orzeł Przeworsk
0%
Zachodniopomorska Orzeł Wałcz
0%
Dolnośląska Orzeł Ząbkowice Śląskie
0%
Wielkopolska Ostrovia Ostrów Wielkopolski
0%
Śląska Piast II Gliwice
0%
Wielkopolska Piast Kobylnica
0%
Dolnośląska Piast Nowa Ruda
0%
Opolska Piast Strzelce Opolskie
0%
Dolnośląska Piast Żmigród
0%
Śląska Podbeskidzie II Bielsko-Biała
0%
Kujawsko-Pomorska Pogoń Mogilno
0%
Lubuska Pogoń Skwierzyna
0%
Świętokrzyska Pogoń Staszów
0%
Lubuska Pogoń Świebodzin
0%
Kujawsko-Pomorska Polonia Bydgoszcz
0%
Wielkopolska Polonia Chodzice
0%
Opolska Polonia Głubczyce
0%
Wielkopolska Polonia Golina
0%
Opolska Polonia Karłowice
0%
Śląska Polonia Łaziska Górne
0%
Wielkopolska Polonia Leszno
0%
Dolnośląska Polonia Łużyce
0%
Łódzka Polonia Piotrków Trybunalski
0%
Dolnośląska Polonia Środa Śląska
0%
Dolnośląska Polonia Świdnica
0%
Pomorska Pomezania Malbork
0%
Kujawsko-Pomorska Pomorzanin Serock
0%
Opolska Porawie Większyce
0%
Dolnośląska Prochowiczanka Prochowice
0%
Podlaska Promień Mońki
0%
Lubuska Promień Żary
0%
Śląska Przemsza Siewierz
0%
Pomorska Radunia Stężyca
0%
Śląska Raków II Częstochowa
0%
Śląska Rekord II Bielsko-Biała
0%
Łódzka RKS Radomsko
0%
Śląska Rozwój Katowice
0%
Śląska Ruch Radzionków
0%
Podlaska Ruch Wysokie Mazowiecki
0%
Opolska Ruch Zdzieszowice
0%
Łódzka Skalnik Sulejów
0%
Opolska Śląsk Łubniany
0%
Dolnośląska Słowianin Wolibórz
0%
Łódzka SMS Łódź
0%
Podkarpacka Sokół Kamień
0%
Podkarpacka Sokół Kolbuszowa Dolna
0%
Podkarpacka Sokół Nisko
0%
Podkarpacka Sokół Sieniawa
0%
Kujawsko-Pomorska Sparta Brodnica
0%
Dolnośląska Sparta Grębocin
0%
Zachodniopomorska Sparta Gryfice
0%
Śląska Sparta Katowice
0%
Świętokrzyska Sparta Kazimierza Wielka
0%
Świętokrzyska Spartakus Daleszyce
0%
Pomorska Sparta Sycewice
0%
Podlaska Sparta Szepietowo
0%
Śląska Spójnia Landek
0%
Lubuska Sprotavia Szprotawa
0%
Podkarpacka Stal II Mielec
0%
Lubuska Stal Jasień
0%
Podkarpacka Stal Łańcut
0%
Podkarpacka Stal Sanok
0%
Lubuska Stal Sulęcin
0%
Łódzka Start Brzeziny
0%
Lubelska Start Krasnystaw
0%
Kujawsko-Pomorska Start Pruszcz
0%
Lubuska Stilon II Gorzów Wielkopolski
0%
Pomorska Stolem Gniewno
0%
Podkarpacka Strug Tyczyn
0%
Pomorska Supra Kwidzyn
0%
Podlaska Supraślanka Supraśl
0%
Lubelska Sygnał Lublin
0%
Lubuska Syrena Zbąszynek
0%
Kujawsko-Pomorska Tarpan Mrocza
0%
Kujawsko-Pomorska Tłuchowia Tłuchowo
0%
Lubelska Tomasovia Tomaszów
0%
Podlaska Tur Bielsk Podlaski
0%
Podlaska Turośnianka Turośń
0%
Śląska Unia Dąbrowa Górnicza
0%
Kujawsko-Pomorska Unia Solec Kujawski
0%
Kujawsko-Pomorska Unia Wąbrzęźno
0%
Opolska Victoria Chróścice
0%
Śląska Victoria Częstochowa
0%
Lubuska Victoria Szczaniec
0%
Wielkopolska Victoria Września
0%
Podlaska Warmia Grajewo
0%
Łódzka Warta Działoszyce
0%
Lubuska Warta II Gorzów Wielkopolski
0%
Wielkopolska Warta Śrem
0%
Łódzka Widzew II Łódź
0%
Świętokrzyska Wierna Małogoszcz
0%
Pomorska Wierzyca Pelpin
0%
Kujawsko-Pomorska Wisła Dobrzyń
0%
Podkarpacka Wisłok Wiśniowa
0%
Podlaska Wissa Szczuczyn
0%
Łódzka WKS Wieluń
0%
Małopolska Wolania Wola Rzędzińska
0%
Łódzka Zawisza Rzgów
0%
Łódzka Zjednoczeni Stryków
0%
Łódzka Zryw Wygoda
0%
Nie znaleziono quizów pasujących do podanych kryteriów
Rozkład punktacji
Procent ludzi z każdym wynikiem
Percentyl według liczby udzielonych odpowiedzi
Twoja historia wyników
Nie rozwiązałeś tego quizu